Sports Quiz

Random Sports or MLB Quiz

MLB Top 10 HRs (2000s) Quiz Stats

 Plays Quiz Updated Oct 7, 2015

Score 0/107 Timer 09:00
6 Plays Today
Year Player % Correct
2000Barry Bonds
95.6%
2001Barry Bonds
95.6%
2002Barry Bonds
95.6%
2003Barry Bonds
95.6%
2004Barry Bonds
95.6%
2001Alex Rodriguez
93.6%
2002Alex Rodriguez
93.6%
2003Alex Rodriguez
93.6%
2005Alex Rodriguez
93.6%
2007Alex Rodriguez
93.6%
2008Alex Rodriguez
93.6%
2000Sammy Sosa
92.7%
2001Sammy Sosa
92.7%
2002Sammy Sosa
92.7%
2003Sammy Sosa
92.7%
2003Albert Pujols
88.4%
2004Albert Pujols
88.4%
2005Albert Pujols
88.4%
2006Albert Pujols
88.4%
2008Albert Pujols
88.4%
2009Albert Pujols
88.4%
2004David Ortiz
85.1%
2005David Ortiz
85.1%
2006David Ortiz
85.1%
2007David Ortiz
85.1%
2001Manny Ramirez
85.1%
2004Manny Ramirez
85.1%
2005Manny Ramirez
85.1%
2008Manny Ramirez
84.6%
2006Ryan Howard
84.2%
2007Ryan Howard
84.2%
2008Ryan Howard
84.2%
2009Ryan Howard
84.2%
2007Prince Fielder
77.6%
2009Prince Fielder
77.6%
2008Adrian Gonzalez
73.8%
Year Player % Correct
2009Adrian Gonzalez
73.8%
2001Luis Gonzalez
73.8%
2005Andruw Jones
72.2%
2006Andruw Jones
72.2%
2001Jim Thome
71.7%
2002Jim Thome
71.7%
2003Jim Thome
71.7%
2004Jim Thome
71.7%
2006Jim Thome
71.7%
2007Jim Thome
71.7%
2004Adam Dunn
64.5%
2005Adam Dunn
64.5%
2007Adam Dunn
64.5%
2008Adam Dunn
64.5%
2009Adam Dunn
64.5%
2000Frank Thomas
60.5%
2003Frank Thomas
60.5%
2000Jason Giambi
58.9%
2002Jason Giambi
58.9%
2003Jason Giambi
58.9%
2005Derrek Lee
58.7%
2007Miguel Cabrera
57.3%
2008Miguel Cabrera
57.3%
2000Vladimir Guerrero
56.6%
2002Vladimir Guerrero
56.6%
2004Vladimir Guerrero
56.6%
2000Todd Helton
56.6%
2001Todd Helton
56.6%
2007Ryan Braun
56.5%
2008Ryan Braun
56.5%
2006Carlos Beltran
56.3%
2000Jeff Bagwell
56.2%
2003Carlos Delgado
56.1%
2008Carlos Delgado
56.1%
2004Adrian Beltre
54.6%
2002Lance Berkman
54.5%
Year Player % Correct
2006Lance Berkman
54.5%
2007Lance Berkman
54.5%
2005Mark Teixeira
53.9%
2009Mark Teixeira
53.9%
2002Alfonso Soriano
53.1%
2006Alfonso Soriano
53.1%
2004Paul Konerko
48.7%
2005Paul Konerko
48.7%
2007Carlos Pena
47.4%
2009Carlos Pena
47.4%
2000Gary Sheffield
43.3%
2001Rafael Palmeiro
43.1%
2002Rafael Palmeiro
43.1%
2007Matt Holliday
42.8%
2009Mark Reynolds
40.5%
2009Jason Bay
39.1%
2000Troy Glaus
36.8%
2001Troy Glaus
36.8%
2006Jermaine Dye
36.3%
2000Jim Edmonds
35.3%
2004Jim Edmonds
35.3%
2001Richie Sexson
33.8%
2003Richie Sexson
33.8%
2005Richie Sexson
33.8%
2001Shawn Green
32.9%
2002Shawn Green
32.9%
2006Travis Hafner
32.2%
2009Jayson Werth
27.4%
2003Javy Lopez
24.8%
2009Aaron Hill
18.6%
2004Moises Alou
17.6%
2000Richard Hidalgo
17%
2008Carlos Quentin
16.7%
2001Phil Nevin
12.8%
2008Ryan Ludwick
12%

You're not logged in!

Compare scores with friends on all Sporcle quizzes.
OR
Log In

Sporcle TV

Today on Sporcle TV


Watch our educational content, quiz creation guides, and fun videos on Sporcle TV.

Show Comments

Extras

Top Quizzes Today


Score Distribution

Your Account Isn't Verified!

In order to create a playlist on Sporcle, you need to verify the email address you used during registration. Go to your Sporcle Settings to finish the process.

Report this User

Report this user for behavior that violates our Community Guidelines.

Details: